[Event "St Petersburg Summer op"]
[Site "St Petersburg"]
[Date "2017.08.22"]
[Round "7"]
[White "Trishkin, Mikhail"]
[Black "Saliou, Jean Yves"]
[Result "0-1"]
[WhiteElo "1521"]
[BlackElo "1930"]
[PlyCount "64"]
[EventDate "2017.08.16"]
[EventType "swiss"]
[EventRounds "9"]
[EventCountry "RUS"]
[SourceTitle "CBM 180 Extra"]
[Source "ChessBase"]
[SourceDate "2017.10.06"]
[SourceVersion "1"]
[SourceVersionDate "2017.10.06"]
[SourceQuality "1"]

1. e4 d6 2. d4 Nf6 3. Nc3 Nbd7 4. Nf3 e5 5. dxe5 dxe5 6. Bc4 Bb4 7. Bd2 c6 8. 0-0 0-0 9. a3 Be7 10. Re1 Qc7 11. Qe2 Nc5 12. b4 Ne6 13. Rad1 a5 14. Nb1 axb4 15. axb4 Nf4 16. Bxf4 exf4 17. e5 Nd5 18. c3 Be6 19. Nd4 Ra1 20. Nxe6 fxe6 21. Qb2 Rfa8 22. Nd2 Rxd1 23. Rxd1 Qxe5 24. Rc1 Bf6 25. Nf3 Qd6 26. Nd4 Bxd4 27. cxd4 Ra4 28. Bxd5 Qxd5 29. Re1 Qc4 30. Rb1 Ra2 31. Qc1 Qxc1+ 32. Rxc1 Rb2 0-1

[Event "St Petersburg Summer op"]
[Site "St Petersburg"]
[Date "2017.08.19"]
[Round "4"]
[White "Saliou, Jean Yves"]
[Black "Ageeva, Vasilisa"]
[Result "1/2-1/2"]
[WhiteElo "1930"]
[BlackElo "1562"]
[PlyCount "72"]
[EventDate "2017.08.16"]
[EventType "swiss"]
[EventRounds "9"]
[EventCountry "RUS"]
[SourceTitle "CBM 180 Extra"]
[Source "ChessBase"]
[SourceDate "2017.10.06"]
[SourceVersion "1"]
[SourceVersionDate "2017.10.06"]
[SourceQuality "1"]

1. Nf3 g6 2. g3 Bg7 3. d4 d5 4. Bg2 Nf6 5. c4 e6 6. Bf4 0-0 7. Qc1 c6 8. 0-0 Ne4 9. Nc3 f5 10. Be5 Nd7 11. Bxg7 Kxg7 12. b3 b6 13. Nd2 Qf6 14. e3 Ba6 15. Ncxe4 dxe4 16. f3 Qg5 17. f4 Qe7 18. Rd1 Nf6 19. Bf1 h5 20. h4 Ng4 21. Qc3 Qf6 22. Be2 Nh6 23. Rac1 Rac8 24. Nb1 Rfd8 25. Qb4 Qf7 26. Qa3 Qb7 27. b4 b5 28. c5 Rb8 29. Qa5 Qc8 30. Nc3 Bb7 31. Ra1 Ra8 32. Rac1 Rb8 33. Ra1 Ra8 34. Rac1 Rb8 35. Ra1 Ra8 36. Rac1 Rb8 1/2-1/2

[Event "Riscle-B"]
[Site "Riscle"]
[Date "2017.08.07"]
[Round "2"]
[White "Jackson, Daniel"]
[Black "Saliou, Jean Yves"]
[Result "0-1"]
[WhiteElo "1754"]
[BlackElo "1930"]
[PlyCount "42"]
[EventDate "2017.08.07"]
[EventType "tourn"]
[EventRounds "7"]
[EventCountry "FRA"]
[SourceTitle "EXT 2019"]
[Source "ChessBase"]
[SourceDate "2018.10.10"]
[SourceVersion "1"]
[SourceVersionDate "2018.10.10"]
[SourceQuality "1"]

1. e4 d6 2. d4 Nf6 3. Nc3 Nbd7 4. Be3 e5 5. Nf3 Be7 6. Qd2 0-0 7. Bc4 c6 8. a4 Ng4 9. 0-0-0 a6 10. h3 Ngf6 11. d5 c5 12. g4 b5 13. axb5 axb5 14. Bxb5 Nxe4 15. Qd3 Nxc3 16. Qxc3 e4 17. Bxd7 Bxd7 18. Nd2 Bf6 19. Qc4 Ra4 20. Qe2 Ra1+ 21. Nb1 Qa5 0-1

[Event "Riscle-B"]
[Site "Riscle"]
[Date "2017.08.07"]
[Round "4"]
[White "Tholey, Jean Paul"]
[Black "Saliou, Jean Yves"]
[Result "1-0"]
[WhiteElo "1845"]
[BlackElo "1930"]
[PlyCount "49"]
[EventDate "2017.08.07"]
[EventType "tourn"]
[EventRounds "7"]
[EventCountry "FRA"]
[SourceTitle "EXT 2019"]
[Source "ChessBase"]
[SourceDate "2018.10.10"]
[SourceVersion "1"]
[SourceVersionDate "2018.10.10"]
[SourceQuality "1"]

1. d4 d6 2. c4 Nf6 3. Nc3 Nbd7 4. e4 e5 5. Be3 exd4 6. Bxd4 Be7 7. Nge2 0-0 8. Ng3 Ne5 9. Be2 c6 10. 0-0 Qa5 11. Qd2 Re8 12. Rfd1 Qc7 13. Rac1 h5 14. Bxe5 dxe5 15. Nxh5 Nxh5 16. Bxh5 Bc5 17. Qe2 Qe7 18. Rd3 g6 19. Bf3 Bd4 20. Qd2 Qc5 21. Nd1 a5 22. b3 Kg7 23. Ne3 Rh8 24. Nc2 Qd6 25. c5 1-0

[Event "Paris-ch op-A"]
[Site "Paris"]
[Date "2010.07.08"]
[Round "6"]
[White "Nguyen Van, Stanislas"]
[Black "Saliou, Jean Yves"]
[Result "0-1"]
[WhiteElo "1898"]
[BlackElo "1996"]
[PlyCount "148"]
[EventDate "2010.07.03"]
[EventType "swiss"]
[EventRounds "9"]
[EventCountry "FRA"]
[SourceTitle "CBM 137 Extra"]
[Source "ChessBase"]
[SourceDate "2010.09.01"]
[SourceVersion "1"]
[SourceVersionDate "2010.09.01"]
[SourceQuality "1"]

1. b3 e5 2. Bb2 Nc6 3. e3 d6 4. Nf3 Nf6 5. Be2 Be7 6. d4 exd4 7. Nxd4 Bd7 8. Bf3 0-0 9. Nxc6 bxc6 10. 0-0 Rb8 11. c4 Be6 12. Bd4 c5 13. Bc3 Nd7 14. Qc2 Bf6 15. Rd1 Ne5 16. Be4 Kh8 17. h3 Ng6 18. Nd2 Bxc3 19. Qxc3 f5 20. Bc2 Ne5 21. f4 Ng6 22. Nf3 Nh4 23. Ng5 Bd7 24. g3 Ng6 25. Rd2 h6 26. Nf3 Bc6 27. Kf2 Qe7 28. Re1 Rbe8 29. Rde2 Rf6 30. Bd3 Be4 31. Nd2 Qd7 32. Nb1 Bb7 33. Qc2 Nf8 34. Nc3 Qf7 35. e4 Qh5 36. Kg2 Ne6 37. Nd5 Nd4 38. Qd1 Qf3+ 39. Kh2 Rg6 40. Rg2 Bxd5 41. cxd5 Qxd1 42. Rxd1 fxe4 43. Be2 Rf6 44. Bg4 a5 45. Rc1 g6 46. Rc3 h5 47. Be2 Kg7 48. a3 Nxe2 49. Rxe2 Rf5 50. b4 axb4 51. axb4 Rxd5 52. bxc5 Kf6 53. cxd6 cxd6 54. Kg2 Rd1 55. Rc7 d5 56. Kf2 d4 57. Rc4 Re6 58. g4 Rd3 59. Kg2 hxg4 60. hxg4 g5 61. f5 Re7 62. Rc6+ Ke5 63. Re6+ Rxe6 64. fxe6 Rb3 65. e7 Rb8 66. Rf2 Re8 67. Rf5+ Ke6 68. Rxg5 Rxe7 69. Kf2 Ra7 70. Kg3 d3 71. Kf2 Kf7 72. Ke3 Rd7 73. Kd2 e3+ 74. Kxe3 d2 0-1

[Event "Paris-ch op-A"]
[Site "Paris"]
[Date "2010.07.06"]
[Round "4"]
[White "Palisseau, Pascal"]
[Black "Saliou, Jean Yves"]
[Result "0-1"]
[WhiteElo "1865"]
[BlackElo "1996"]
[PlyCount "78"]
[EventDate "2010.07.03"]
[EventType "swiss"]
[EventRounds "9"]
[EventCountry "FRA"]
[SourceTitle "CBM 137 Extra"]
[Source "ChessBase"]
[SourceDate "2010.09.01"]
[SourceVersion "1"]
[SourceVersionDate "2010.09.01"]
[SourceQuality "1"]

1. e4 d6 2. d4 Nf6 3. Nc3 g6 4. Bg5 Bg7 5. Qd2 h6 6. Be3 Nc6 7. f3 Nd7 8. 0-0-0 a6 9. g4 b5 10. h4 Nb6 11. Nd5 Nc4 12. Bxc4 bxc4 13. Qc3 Bd7 14. Qxc4 e6 15. Nf4 Na5 16. Qe2 Bb5 17. Nd3 Nc4 18. b3 Nxe3 19. Qxe3 Bxd3 20. Rxd3 c5 21. e5 Qa5 22. dxc5 Qa3+ 23. Kd2 Bxe5 24. cxd6 Bxd6 25. Ne2 Qb4+ 26. c3 Qa3 27. Rc1 Rd8 28. Rc2 Be7 29. h5 Rxd3+ 30. Qxd3 0-0 31. Ke1 Rd8 32. Qe4 Qd6 33. Nd4 e5 34. hxg6 exd4 35. gxf7+ Kf8 36. Qh7 Qg3+ 37. Ke2 d3+ 38. Kf1 Qxf3+ 39. Rf2 Qh1# 0-1

[Event "Champigny sur Marne op 6th"]
[Site "Champigny sur Marne"]
[Date "2006.02.18"]
[Round "4"]
[White "Mazaud, Emmanuel"]
[Black "Saliou, Jean Yves"]
[Result "0-1"]
[WhiteElo "1499"]
[BlackElo "2027"]
[PlyCount "84"]
[EventDate "2006.02.16"]
[EventType "swiss"]
[EventRounds "6"]
[EventCountry "FRA"]
[SourceTitle "EXT 2007"]
[Source "ChessBase"]
[SourceDate "2006.11.23"]
[SourceVersion "1"]
[SourceVersionDate "2006.11.23"]
[SourceQuality "1"]

1. e4 d6 2. d4 Nf6 3. Nc3 g6 4. Bg5 Bg7 5. Nf3 h6 6. Bh4 0-0 7. e5 Nfd7 8. Qe2 g5 9. Bxg5 Nxe5 10. Bh4 Ng6 11. g3 c5 12. 0-0-0 cxd4 13. Nxd4 Nc6 14. Nxc6 bxc6 15. f4 Rb8 16. Qe3 Qa5 17. Rd3 Bf5 18. a4 Qb4 19. b3 Bxd3 20. Qxd3 Qxc3 21. Qxc3 Bxc3 22. Bd3 Nxh4 23. gxh4 Kh8 24. Rf1 Rg8 25. Kd1 Rg2 26. h3 Rbg8 27. Be4 Rg1 28. Ke2 Rxf1 29. Kxf1 d5 30. Bf3 Rg3 31. Bg4 Re3 32. Kf2 Bd4 33. Kg2 e6 34. Bf3 Kg7 35. h5 Kf6 36. b4 Rxf3 37. Kxf3 a6 38. b5 cxb5 39. axb5 a5 40. Ke2 Kf5 41. Kd3 Bb6 42. c3 Kxf4 0-1